| 000 | 01013nas1a22001811i 4500 | ||
|---|---|---|---|
| 001 | rc\538174 | ||
| 005 | 20240726043443.0 | ||
| 035 | _a(NLR Aleph) 005812530 | ||
| 090 |
_a5399667 _c5399667 |
||
| 100 | _a20030616a19879999u |0rusy50 ca | ||
| 101 | 0 | _arus | |
| 102 | _aRU | ||
| 200 | 1 |
_aТенденции научно-технического прогресса _eИнформ. о достижениях науки и техники в странах Европы, предложения по орг. науч.-техн. и экон. сотрудничеству с СССР _eСпециализир. изд. журн. "Мессе магазин интернациональ" _f"Мессемагазин интернациональ" и В/О "Внешторгреклама" _gПер. В/О "Внешторгиздат" |
|
| 210 |
_aДюссельдорф _cПлам и К° _aМ. _cВ/О "Внешторгреклама" _d1987- |
||
| 801 | 0 |
_aRU _bNLR _gpsbo |
|
| 801 | 1 |
_aRU _bELAR _2rusmarc |
|
| 852 |
_aNLR _jП11/3422 |
||
| 942 | _cSE | ||